Statistics for Daily Country Riddle #41

Click here to take the quiz!

General Stats

  • This quiz has been taken 131 times
  • The average score is 12 of 17

Answer Stats

TypeAnswer% Correct
Found LetterA
100%
Found LetterI
96%
Found LetterO
93%
Correctly Placed LetterA
90%
Correctly Placed LetterI
90%
Found LetterT
82%
Found LetterE
79%
Correctly Placed LetterO
74%
Correctly Placed LetterI
72%
Found LetterP
68%
Found LetterH
67%
Found LetterI
59%
Correctly Placed LetterE
55%
Mystery CountryEthiopia
55%
Correctly Placed LetterH
55%
Correctly Placed LetterP
55%
Correctly Placed LetterT
55%

Score Distribution

Percentile by Number Answered

Percent of People with Each Score

Your Score History

You have not taken this quiz